[Event "17th TCh-RUS Higher League"]
[Site "Dagomys RUS"]
[Date "2010.04.05"]
[Round "4"]
[White "Bocharov,D"]
[Black "Sek,K"]
[Result "1-0"]
[WhiteElo "2597"]
[BlackElo "2416"]

1.d4 Nf6 2.c4 c5 3.Nf3 e6 4.d5 exd5 5.cxd5 d6 6.Nc3 g6 7.h3 Bg7 8.Bf4 O-O
9.e3 Na6 10.Bc4 Nc7 11.a4 Re8 12.Nd2 b6 13.O-O a6 14.e4 Rb8 15.Re1 b5 16.axb5 axb5
17.Bf1 c4 18.Bh2 Rb6 19.Rc1 Ra6 20.Qc2 Bh6 21.b4 cxb3 22.Nxb3 Bxc1 23.Rxc1 Rb6
24.f3 Bd7 25.Ne2 Na6 26.Ned4 Qe7 27.Na5 Nh5 28.Nac6 Bxc6 29.Nxc6 Qf6 30.Qf2 Rb7
31.Qd2 Nb8 32.Nd4 b4 33.Nb5 Rb6 34.Qxb4 Na6 35.Qd2 Reb8 36.Nxd6 Rb2 37.Qc3 R2b3
38.Qc7 Nf4 39.Qxf7+ Qxf7 40.Nxf7 Kxf7 41.Bxf4 Rb1 42.Rc6 R8b6 43.Rxb6 Rxb6
44.e5  1-0

[Event "14th Neckar-Open"]
[Site "Deizisau GER"]
[Date "2010.04.05"]
[Round "8"]
[White "Lammers,M"]
[Black "Corrales Jimenez,F"]
[Result "1-0"]
[WhiteElo "2351"]
[BlackElo "2585"]

1.Nf3 Nf6 2.c4 e6 3.d4 c5 4.d5 exd5 5.cxd5 d6 6.Nc3 g6 7.g3 Bg7 8.Bg2 O-O
9.O-O Na6 10.Nd2 Nc7 11.Nc4 Nh5 12.e4 b5 13.Na5 b4 14.Nc6 Qe8 15.Nb1 Bd7
16.Qa4 Ne6 17.e5 Bxc6 18.dxc6 dxe5 19.a3 a5 20.Nd2 Nd4 21.Nc4 Qe6 22.Nb6 Ra7
23.Nd7 Rfa8 24.Nxc5 Qe7 25.Nd7 bxa3 26.Rxa3 Nf6 27.Nxf6+ Bxf6 28.Be3 Rd8
29.Qc4 Bg5 30.Bxg5 Qxg5 31.b4 Qd2 32.Rfa1 a4 33.R3a2 Qg5 34.b5 Nb3 35.c7 Rxc7
36.Qxc7 Nxa1 37.Rxa1 Rd2 38.b6 Rxf2 39.Qc3 Rd2 40.b7 Rd8 41.Rb1  1-0

[Event "14th Neckar-Open"]
[Site "Deizisau GER"]
[Date "2010.04.05"]
[Round "9"]
[White "Lafuente,P"]
[Black "Lammers,M"]
[Result "1/2-1/2"]
[WhiteElo "2524"]
[BlackElo "2351"]

1.d4 Nf6 2.c4 c5 3.d5 e6 4.Nc3 exd5 5.cxd5 d6 6.Nf3 g6 7.e4 Bg7 8.Be2 O-O
9.O-O Na6 10.Nd2 Nc7 11.a4 Re8 12.Kh1  1/2-1/2

[Event "17th TCh-RUS Higher League"]
[Site "Dagomys RUS"]
[Date "2010.04.06"]
[Round "5"]
[White "Frolyanov,D"]
[Black "Sek,K"]
[Result "1-0"]
[WhiteElo "2586"]
[BlackElo "2416"]

1.d4 Nf6 2.c4 c5 3.d5 e6 4.Nc3 exd5 5.cxd5 d6 6.Nf3 g6 7.Bf4 a6 8.a4 Bg7
9.h3 O-O 10.e3 Re8 11.Nd2 Bf5 12.Nc4 Ne4 13.Nxe4 Rxe4 14.Bd3 Rxc4 15.Bxc4 Bxb2
16.O-O Bxa1 17.Qxa1 Nd7 18.Re1 b5 19.Bf1 Be4 20.Qd1 Qa5 21.axb5 axb5 22.Bxd6 c4
23.f3 Bd3 24.Bxd3 cxd3 25.Qb1 d2 26.Rd1 Qb6 27.Bf4 Qf6 28.Kh2 g5 29.Bg3 h5
30.Qxb5 h4 31.Bc7 Qe7 32.Rxd2 Nf6 33.Qb6 Ne8 34.d6 Qe5+ 35.f4 gxf4 36.d7 Nxc7
37.d8=Q+ Rxd8 38.Rxd8+ Kg7 39.Qd4 Qxd4 40.exd4 Kf6 41.Rd6+ Ne6 42.Kg1 Kf5
43.Rd7 f6 44.d5 Ng5 45.Re7 Ne4  1-0

[Event "Open"]
[Site "Thessaloniki GRE"]
[Date "2010.04.08"]
[Round "5"]
[White "Antic,De"]
[Black "Piscopo,P"]
[Result "1-0"]
[WhiteElo "2502"]
[BlackElo "2418"]

1.d4 Nf6 2.c4 c5 3.d5 e6 4.Nc3 exd5 5.cxd5 d6 6.Nf3 g6 7.Nd2 Bg7 8.e4 O-O
9.Be2 Re8 10.O-O Nbd7 11.f4 a6 12.a4 Rb8 13.Kh1 Nb6 14.a5 Na8 15.e5 dxe5
16.fxe5 Rxe5 17.Nc4 Rf5 18.Bf4 Nc7 19.Qd2 Bd7 20.Nd6 Rxf4 21.Qxf4 b5 22.axb6 Rxb6
23.Nc4 Rb8 24.Rad1 Bb5 25.Ne5 Qd6 26.Nxg6 Qxf4 27.Nxf4 Bxe2 28.Ncxe2 Nb5
29.Ra1 Rb6 30.Nc3 Nxc3 31.bxc3 Ne4 32.Rae1 f5 33.Ne6 h6 34.Rxf5 Bxc3 35.Rf8+ Kh7
36.Ref1 Ng5 37.Nxc5 Rd6 38.Rd1 Bb4 39.Rc8 a5 40.h4  1-0

[Event "Sydney Int Open"]
[Site "Parramatta AUS"]
[Date "2010.04.09"]
[Round "5"]
[White "Illingworth,M"]
[Black "Zhao Zong Yuan"]
[Result "0-1"]
[WhiteElo "2289"]
[BlackElo "2592"]

1.d4 Nf6 2.Nf3 e6 3.c4 c5 4.d5 d6 5.Nc3 exd5 6.cxd5 g6 7.Qa4+ Nbd7 8.Bf4 a6
9.e4 Rb8 10.Qc2 b5 11.Be2 Qe7 12.Nd2 Bg7 13.O-O O-O 14.a4 b4 15.Nd1 Re8 16.Bd3 Ne5
17.Be2 b3 18.Nxb3 Nxe4 19.Na5 Bf5 20.Ne3 Ng3 21.Nxf5 Nxf5 22.Bxe5 Qxe5 23.Bxa6 Qxd5
24.Bb5 Nd4 25.Qd1 Rec8 26.Re1 Qa8 27.Nc4 d5 28.Ne5 Qb7 29.f4 Rd8 30.b4 Bxe5
31.Rxe5 Nxb5 32.axb5 cxb4 33.h4 Qxb5 34.h5 b3 35.Rb1 Qb6+ 36.Kh2 Qf6 37.g3 b2
38.Qd2 Qb6 39.Rxd5 Rxd5 40.Qxd5 Qb5 41.Qxb5 Rxb5 42.hxg6 hxg6 43.Kh3 Kg7
44.Kg4 Kf6 45.Kf3 Rb4 46.Kg4 Rb3 47.Kh4 Kf5 48.g4+ Kxf4 49.g5 Ke3  0-1

[Event "TCh-CHN"]
[Site "Ningbo City CHN"]
[Date "2010.04.16"]
[Round "1"]
[White "Ju Wenjun"]
[Black "Le Thanh Tu"]
[Result "1-0"]
[WhiteElo "2500"]
[BlackElo "2318"]

1.d4 Nf6 2.c4 c5 3.d5 e6 4.Nc3 exd5 5.cxd5 d6 6.Nf3 g6 7.Bf4 a6 8.a4 Bg7
9.e4 O-O 10.Be2 Bg4 11.Nd2 Bxe2 12.Qxe2 Nh5 13.Be3 Nd7 14.O-O Re8 15.Ra3 Rb8
16.Rb3 Qc7 17.g4 Nhf6 18.f3 Nb6 19.a5 Nc8 20.Ra3 Nd7 21.Kh1 Kh8 22.Rb1 Ne7
23.b4 b5 24.axb6 Rxb6 25.Na2 f5 26.Nc4 cxb4 27.Nxb4 Rbb8 28.Rxa6 fxe4 29.Nxd6 exf3
30.Nxe8 Rxb4 31.Qf1 Rxb1 32.Qxb1 Qc8 33.Re6 Qxe8 34.Qe4 f2 35.Bxf2 Qf7 36.Kg2 Bf6
37.h4 h6 38.Rd6 Nc8 39.Rc6 Ne7 40.Rd6 Nc8 41.Ra6 Kg7 42.Re6 Ne7 43.Bd4 Kf8
44.Bf2 Kg7 45.Bd4 Kf8 46.Bf2 Kg7 47.Rd6 Nc8 48.Ra6 Qe7 49.Qxe7+ Bxe7 50.Rc6 Nd6
51.Rc7  1-0

[Event "ch-UKR"]
[Site "Alushta UKR"]
[Date "2010.05.05"]
[Round "3"]
[White "Odnorozhenko,E"]
[Black "Izhnin,A"]
[Result "1/2-1/2"]
[WhiteElo "2309"]
[BlackElo "2360"]

1.d4 Nf6 2.c4 e6 3.Nf3 c5 4.d5 exd5 5.cxd5 d6 6.Nc3 g6 7.h3 Bg7 8.e4 O-O
9.Bd3 b5 10.Nxb5 Re8 11.O-O Nxe4 12.Re1 a6 13.Na3 Nf6 14.Rxe8+  1/2-1/2

[Event "ch-UKR"]
[Site "Alushta UKR"]
[Date "2010.05.09"]
[Round "7"]
[White "Odnorozhenko,E"]
[Black "Kovalenko,I"]
[Result "1-0"]
[WhiteElo "2309"]
[BlackElo "2503"]

1.d4 Nf6 2.c4 c5 3.d5 e6 4.Nc3 exd5 5.cxd5 d6 6.Nf3 g6 7.h3 Bg7 8.e4 O-O
9.Bd3 a6 10.a4 Nbd7 11.O-O Qc7 12.Re1 Rb8 13.Bf4 Ne8 14.Qe2 Ne5 15.Nxe5 dxe5
16.Be3 Nd6 17.b3 f5 18.f3 f4 19.Bf2 a5 20.Nb5 Nxb5 21.Bxb5 Rf6 22.Qc4 Qf7
23.Qxc5 Bf8 24.Qa7 Bd6 25.Bc5 Bxc5+ 26.Qxc5 b6 27.Qc3 Qe7 28.Rac1 Rf7 29.Red1 Qg5
30.Qxc8+ Rxc8 31.Rxc8+ Kg7 32.d6 Qh4 33.Rc7  1-0

[Event "4th All China Games Rapid"]
[Site "Hefei CHN"]
[Date "2010.05.18"]
[Round "4"]
[White "Li Wenliang"]
[Black "Zhou Weiqi"]
[Result "1/2-1/2"]
[WhiteElo "2441"]
[BlackElo "2585"]

1.d4 Nf6 2.c4 c5 3.d5 e6 4.Nc3 exd5 5.cxd5 d6 6.Nf3 g6 7.Nd2 Nbd7 8.e4 Bg7
9.Be2 O-O 10.O-O Re8 11.a4 a6 12.Qc2 Ne5 13.Ra3 Rb8 14.a5 g5 15.Re1 h6 16.Nf1 b5
17.axb6 Rxb6 18.Ng3 Qc7 19.Nd1 Qb8 20.Ne3 Bf8 21.f3 Qb7  1/2-1/2

[Event "Chladek & Tintera Open"]
[Site "Hradec Kralove CZE"]
[Date "2010.05.20"]
[Round "7"]
[White "Braun,Mare"]
[Black "Hubka,R"]
[Result "1-0"]
[WhiteElo "2187"]
[BlackElo "2035"]

1.d4 Nf6 2.c4 c5 3.d5 e6 4.Nc3 exd5 5.cxd5 d6 6.Nf3 g6 7.Nd2 Bg7 8.e4 O-O
9.Be2 Re8 10.O-O a6 11.a4 Nbd7 12.f4 Nf8 13.Bf3 Qc7 14.Nc4 N6d7 15.Be3 Rb8
16.Qe2 b6 17.Na3 Nf6 18.Rac1 Qe7 19.Rfe1 h5 20.h3 h4 21.Qd2 Qd8 22.Bf2 N6h7
23.Re2 g5 24.Be3 gxf4 25.Bxf4 Ng6 26.Nc4 Bd4+ 27.Kh1 Ne5 28.Nxe5 Bxe5 29.Rf1 Rb7
30.Ref2 Bd4 31.Be3 Be5 32.Bh5 Rf8 33.Bh6 Bg7 34.Bxg7 Kxg7 35.Qf4 Qg5 36.Be2 Qe7
37.Bxa6 Ra7 38.Bxc8 Rxc8 39.Qg4+  1-0

[Event "BSG Pinkster GpA"]
[Site "Bossum NED"]
[Date "2010.05.22"]
[Round "2"]
[White "Balje,J"]
[Black "Van Oosten,J"]
[Result "1-0"]
[WhiteElo "2186"]
[BlackElo "2038"]

1.d4 Nf6 2.c4 c5 3.d5 e6 4.Nc3 exd5 5.cxd5 d6 6.Nf3 a6 7.a4 g6 8.g3 Bg7 9.Bg2 O-O
10.O-O b6 11.Bf4 Qe7 12.Qd2 Re8 13.Rfe1 Nbd7 14.h3 Nh5 15.Bg5 f6 16.Bh6 Bh8
17.e4 Rb8 18.Rab1 b5 19.axb5 axb5 20.b4 c4 21.Ra1 Ne5 22.Nxe5 Qxe5 23.f4 Qe7
24.g4 Ng7 25.e5 fxe5 26.fxe5 dxe5 27.Ne4 Qd8 28.Rf1 Nf5 29.gxf5 gxf5 30.Ra3 f4
31.Qf2 Bf5 32.Ra6 Qe7 33.d6 Qf7 34.Ng5 Qg6 35.d7 Re6 36.Nxe6 Bxe6 37.Qb6  1-0

[Event "BSG Pinkster GpA"]
[Site "Bossum NED"]
[Date "2010.05.24"]
[Round "6"]
[White "Witt,Rob"]
[Black "Drost,P"]
[Result "1-0"]
[WhiteElo "2221"]
[BlackElo "2084"]

1.d4 Nf6 2.c4 c5 3.d5 e6 4.Nc3 exd5 5.cxd5 d6 6.Nf3 g6 7.Bf4 a6 8.a4 Bg7
9.h3 O-O 10.Nd2 Re8 11.e3 Nh5 12.Bh2 Nd7 13.Be2 Ne5 14.O-O f5 15.f4 Nf7 16.Nc4 Bd7
17.Kh1 b5 18.axb5 Bxb5 19.Na5 Rxe3 20.Nc6 Bxe2 21.Nxe2 Qh4 22.Ra3 Rae8 23.Rxe3 Rxe3
24.Qd2 Re4 25.Nc3 Re8 26.Qd3 Re1 27.Kg1 Nd8 28.g3 Rxf1+ 29.Qxf1 Qf6 30.g4 Nxc6
31.dxc6 fxg4 32.hxg4 d5 33.c7 Qc6 34.gxh5 Bd4+ 35.Kg2 Qxc7 36.hxg6 hxg6 37.Qxa6 Qb8
38.Qxg6+ Bg7 39.Qe6+ Kh8 40.Nxd5 Qxb2+ 41.Kh3 Qf2 42.Bg3 Qf3 43.Ne7 Qh5+
44.Kg2 Kh7 45.f5 Qg5 46.Qe4 Qf6 47.Nd5 Qd4 48.Qe6 Qd2+ 49.Kf3 Qh6 50.f6 Bxf6
51.Nxf6+ Kg7 52.Ne8+ Kf8 53.Bd6+  1-0

[Event "14th Master Open"]
[Site "Voronezh RUS"]
[Date "2010.06.12"]
[Round "1"]
[White "Rychagov,A"]
[Black "Severiukhina,Z"]
[Result "1-0"]
[WhiteElo "2551"]
[BlackElo "2321"]

1.d4 Nf6 2.c4 c5 3.d5 e6 4.Nc3 exd5 5.cxd5 d6 6.Nf3 g6 7.Bf4 Bg7 8.Qa4+ Bd7
9.Qb3 Qc7 10.e4 O-O 11.Nd2 Nh5 12.Be3 f5 13.exf5 Bxf5 14.Be2 Nf6 15.O-O a6
16.Qd1 h5 17.h3 b5 18.a3 Qc8 19.Rc1 Ra7 20.Nf3 Nbd7 21.Bd3 Ne5 22.Nxe5 dxe5
23.Bxf5 gxf5 24.b4 Rd7 25.Bxc5 Rfd8 26.Qb3 Kh7 27.d6 Bh6 28.Rce1 e4 29.Qe6 Kg6
30.Nd5  1-0

[Event "14th FIDE Open"]
[Site "Voronezh RUS"]
[Date "2010.06.12"]
[Round "1"]
[White "Pogosian,G"]
[Black "Degtiarev,V"]
[Result "1-0"]
[WhiteElo "2174"]
[BlackElo "1869"]

1.d4 c5 2.d5 Nf6 3.c4 d6 4.Nc3 e6 5.Nf3 exd5 6.cxd5 a6 7.a4 Be7 8.h3 Bf5
9.Nd2 Qa5 10.e3 Nbd7 11.Be2 O-O 12.O-O Rac8 13.Nc4 Qc7 14.a5 Ne4 15.Na4 Bg6
16.Kh2 f5 17.f3 Nef6 18.Nc3 Ne5 19.Nb6 Rce8 20.f4 Ned7 21.Nc4 Bd8 22.Bf3 Ne4
23.Nxe4 fxe4 24.Bg4 Nf6 25.Be6+ Bf7 26.f5 Nd7 27.Kg1 Kh8 28.Rf4 Bg5 29.Rf1 b5
30.axb6 Nxb6 31.Nxb6 Qxb6 32.Bxf7 Rxf7 33.Qh5 Bxe3+ 34.Bxe3 Ref8 35.Qe2 Qb5
36.Qxb5 axb5 37.Ra6 Rd7 38.g4 Kg8 39.Bf4 Kf7 40.Kf2 g6 41.fxg6+ Kxg6 42.Ke3 Rf6
43.Rfa1 b4 44.Ra7 Rxa7 45.Rxa7 c4 46.Rc7 c3 47.bxc3 bxc3 48.Rxc3  1-0

[Event "ch-PAR"]
[Site "Asuncion URU"]
[Date "2010.06.13"]
[Round "3"]
[White "Vargas,Ga"]
[Black "Almiron,A"]
[Result "1/2-1/2"]
[WhiteElo "2069"]
[BlackElo "2157"]

1.d4 Nf6 2.c4 c5 3.d5 e6 4.Nc3 exd5 5.cxd5 d6 6.Nf3 g6 7.Nd2 Bg7 8.e4 O-O
9.Be2 Re8 10.O-O Nbd7 11.f4 c4 12.Kh1 Nc5 13.e5 dxe5 14.Nxc4 e4 15.Be3 Nd3
16.Bxd3 exd3 17.Qxd3 Bf5 18.Qd2  1/2-1/2

[Event "14th Master Open"]
[Site "Voronezh RUS"]
[Date "2010.06.13"]
[Round "2"]
[White "Lutsko,I"]
[Black "Gabrielian,A"]
[Result "0-1"]
[WhiteElo "2417"]
[BlackElo "2557"]

1.d4 Nf6 2.c4 c5 3.d5 e6 4.Nc3 exd5 5.cxd5 d6 6.Nf3 g6 7.Bf4 Bg7 8.Qa4+ Bd7
9.Qb3 b5 10.Bxd6 Na6 11.e4 c4 12.Qd1 b4 13.e5 bxc3 14.exf6 Qxf6 15.Qe2+ Kd8
16.Be5 cxb2 17.Bxf6+ Bxf6 18.Rb1 Bc3+ 19.Nd2 Re8 20.Qxe8+ Kxe8 21.Bxc4 Nc5
22.Ke2 Bf5 23.Rbd1 Rb8 24.Nb3 Rb4 25.Nxc5 Rxc4 26.Nd3 Re4+ 27.Kf3 Ra4 28.Ke3 Bd4+
29.Ke2 Rxa2 30.Rd2 Bc3 31.Rb1 Bxd2 32.Kxd2 Bxd3 33.Kxd3 Kd7 34.Kd4 a5 35.Kc3 a4
36.Rxb2 Rxb2 37.Kxb2 Kd6 38.Ka3 Kxd5 39.Kxa4 Ke4  0-1

[Event "14th Master Open"]
[Site "Voronezh RUS"]
[Date "2010.06.13"]
[Round "2"]
[White "Airapetian,G"]
[Black "Grigoryan,Av"]
[Result "1/2-1/2"]
[WhiteElo "2429"]
[BlackElo "2576"]

1.d4 Nf6 2.c4 e6 3.Nf3 c5 4.d5 exd5 5.cxd5 d6 6.Nc3 g6 7.g3 Bg7 8.Bg2 O-O
9.O-O Nbd7 10.h3 Re8 11.Bf4 Nh5 12.Bg5 f6 13.Bd2 f5 14.Qc1 Rb8 15.a4 Ne5
16.Rb1 Bd7 17.Rd1 a6 18.Ng5 h6 19.Ne6 Bxe6 20.dxe6 Kh7 21.b4 Qc8 22.Nd5 Rxe6
23.Nb6 Qc7 24.Nd5 Qc8 25.Nb6 Qf8 26.bxc5 dxc5 27.Be3 c4 28.Rd7  1/2-1/2

[Event "Open"]
[Site "Teplice CZE"]
[Date "2010.06.15"]
[Round "4"]
[White "Vales,V"]
[Black "Chmelik,J"]
[Result "1/2-1/2"]
[WhiteElo "2230"]
[BlackElo "2096"]

1.d4 Nf6 2.Nf3 e6 3.c4 c5 4.d5 exd5 5.cxd5 d6 6.Nc3 g6 7.g3 Bg7 8.Bg2 O-O
9.O-O Re8 10.Nd2 a6 11.a4 Nbd7 12.a5 Rb8 13.Nc4 Ne5 14.Nb6 Ned7 15.Nc4 Ne5
16.Nxe5 Rxe5 17.Bf4 Re8 18.Na4 Nh5 19.Bd2 Bd7 20.Bf3 Nf6 21.Rc1 Ne4 22.b3 Nxd2
23.Qxd2 Bxa4 24.bxa4 b5 25.axb6 Qxb6 26.Rc4 Qb3 27.Rfc1 Rb4 28.Qc2 Qxc2 29.R1xc2 Reb8
30.Be4 a5  1/2-1/2

[Event "Open"]
[Site "Eforie Nord ROU"]
[Date "2010.06.19"]
[Round "2"]
[White "Mocanu,Se"]
[Black "Nabaty,T"]
[Result "1/2-1/2"]
[WhiteElo "2227"]
[BlackElo "2493"]

1.d4 Nf6 2.c4 c5 3.d5 e6 4.Nc3 exd5 5.cxd5 d6 6.Nf3 g6 7.g3 Bg7 8.Bg2 O-O
9.O-O Re8 10.Nd2 a6 11.a4 Nbd7 12.h3 Rb8 13.Nc4 Ne5 14.Nxe5 Rxe5 15.e4 b5
16.axb5 axb5 17.f4 Re8 18.e5 b4 19.Qb3 Bxh3 20.Bxh3 bxc3 21.Qxc3 Nxd5 22.Qf3 Nb4
23.f5 Rxe5 24.fxg6 fxg6 25.Qf7+ Kh8 26.Ra7 Qg8 27.Qxg8+ Kxg8 28.Bf4 Re2 29.Bg4 Re4
30.Bxd6 Rd8 31.Bf3 Bd4+ 32.Kh1 Re6 33.Bf4 Bxb2 34.Bg5 Rde8 35.Bg4 Re4 36.Bh6 Re1
37.Rxe1 Rxe1+ 38.Kg2 Nd5 39.Bf3 Ne7 40.Kf2 Re5 41.Be2 Bd4+ 42.Kf1 Kf7 43.Bc4+ Ke8
44.Bf4 Nf5 45.Bb5+ Kf8 46.Bxe5 Bxe5 47.Rxh7 Nxg3+ 48.Kf2 Ne4+ 49.Ke3 Nd6
50.Be2 Bg7 51.Rh1 Kf7 52.Kf3 Be5 53.Rc1 Bd4 54.Kg4 Ne4 55.Rf1+ Kg7 56.Kf4 Nd6
57.Bd3 c4 58.Bc2 Nf7 59.Rd1 Be5+ 60.Ke4 Bb2 61.Kd5 Ne5 62.Re1 Kf6 63.Rxe5 Bxe5
64.Bxg6 Kxg6 65.Kxc4  1/2-1/2

[Event "Open"]
[Site "Eforie Nord ROU"]
[Date "2010.06.24"]
[Round "8"]
[White "Manolache,M"]
[Black "Lupulescu,C"]
[Result "1-0"]
[WhiteElo "2527"]
[BlackElo "2593"]

1.d4 Nf6 2.c4 c5 3.d5 e6 4.Nc3 exd5 5.cxd5 d6 6.Nf3 g6 7.Bf4 a6 8.a4 Bg7
9.h3 O-O 10.e3 Qe7 11.Be2 Nbd7 12.O-O Ne8 13.Re1 f5 14.a5 Rb8 15.Na4 Ne5
16.Nxe5 Bxe5 17.Qb3 Bxf4 18.exf4 Qc7 19.Nb6 Nf6 20.Bf3 Bd7 21.Qc3 Bb5 22.b4 Nd7
23.Re7 Rf7 24.Rae1 Rbf8 25.h4 Rxe7 26.Rxe7 Rf7 27.Re8+ Rf8 28.Na8  1-0

[Event "ch-PAR"]
[Site "Asuncion URU"]
[Date "2010.06.27"]
[Round "7"]
[White "Latorre,Mat"]
[Black "Pereira,Fa PAR"]
[Result "0-1"]
[WhiteElo "2076"]
[BlackElo "2101"]

1.d4 Nf6 2.c4 c5 3.d5 e6 4.Nc3 exd5 5.cxd5 d6 6.Nf3 g6 7.Qa4+ Bd7 8.Qb3 Na6
9.e4 Qb6 10.Qxb6 axb6 11.Bg5 Be7 12.O-O-O Ng4 13.Bxe7 Kxe7 14.Rd2 f6 15.a4 Nc7
16.b3 b5 17.axb5 Nxb5 18.Bxb5 Bxb5 19.Kb2 Bd7 20.Ne1 b5 21.h3 Nh6 22.b4 Nf7
23.f4 cxb4 24.Na2 Ra4 25.Nd3 Rc8 26.Re1 Rc4 27.Kb3 Nd8 28.e5 Nb7 29.e6 Be8
30.Rc1 Na5+ 31.Kb2 Rxc1 32.Kxc1 Nb3+  0-1

[Event "XII Open"]
[Site "Torredembarra ESP"]
[Date "2010.07.05"]
[Round "3"]
[White "Gomez Ledo,R"]
[Black "Farran Martos,J"]
[Result "1-0"]
[WhiteElo "2445"]
[BlackElo "2194"]

1.d4 Nf6 2.c4 e6 3.Nf3 c5 4.d5 exd5 5.cxd5 d6 6.Nc3 Be7 7.e4 O-O 8.Bd3 Re8
9.h3 Nbd7 10.O-O Rb8 11.a4 Nf8 12.Nd2 Ng6 13.Nc4 Nd7 14.f4 Nb6 15.Ne3 Bf6
16.a5 Na8 17.Nc4 Bd4+ 18.Kh1 Bxc3 19.bxc3 b5 20.axb6 axb6 21.f5 Ne5 22.Nxe5 dxe5
23.f6 gxf6 24.Bb5 Nc7 25.Bxe8 Nxe8 26.Ra7 Rb7 27.Ra8 Kh8 28.Bh6 Rd7 29.Qg4 Rc7
30.d6 Bxg4 31.Rxd8 Rc8 32.Rxe8+  1-0

[Event "ch-SWE"]
[Site "Lund SWE"]
[Date "2010.07.06"]
[Round "4"]
[White "Tikkanen,H"]
[Black "Abdollah Zadeh,A"]
[Result "1-0"]
[WhiteElo "2469"]
[BlackElo "2143"]

1.d4 Nf6 2.c4 c5 3.d5 e6 4.Nc3 exd5 5.cxd5 d6 6.Nf3 g6 7.g3 Bg7 8.Bg2 O-O
9.O-O Na6 10.Re1 Re8 11.e4 Bg4 12.h3 Bxf3 13.Qxf3 Nb4 14.Qd1 c4 15.Bf1 Qd7
16.a3 Na6 17.Bxc4 Qxh3 18.Bf1 Qg4 19.Bf4 Qxd1 20.Raxd1 Red8 21.Nb5 Ne8 22.b4 Nac7
23.Nxc7 Nxc7 24.Bg5 f6 25.Be3 Re8 26.Rc1 Re7 27.a4 Kh8 28.b5 Rae8 29.Red1 Na8
30.Bd3 Nb6 31.a5 Na4 32.Rd2 b6 33.axb6 Nxb6 34.Bxb6 axb6 35.Rc6 f5 36.exf5 gxf5
37.Bxf5 Bh6 38.Rdc2 Re1+ 39.Kg2 Rf8 40.g4 Bf4 41.Rc7 h6 42.Rh7+  1-0

[Event "ch-SWE Mastarklassen"]
[Site "Lund SWE"]
[Date "2010.07.09"]
[Round "7"]
[White "Eklund,M"]
[Black "Harren,M"]
[Result "1/2-1/2"]
[WhiteElo "2088"]
[BlackElo "2095"]

1.d4 Nf6 2.c4 c5 3.d5 e6 4.Nc3 exd5 5.cxd5 d6 6.Nf3 g6 7.Nd2 Nbd7 8.e4 a6
9.a4 Bg7 10.Be2 O-O 11.O-O Re8 12.a5 Qe7 13.f4 b5 14.axb6 Nxb6 15.h3 Nfxd5
16.exd5 Bd4+ 17.Rf2 Nxd5 18.Nf3 Bxf2+ 19.Kxf2 Nb4  1/2-1/2

[Event "5th Nana Aleksandria Cup"]
[Site "Poti GEO"]
[Date "2010.07.11"]
[Round "1"]
[White "Rizhamadze,P"]
[Black "Nigalidze,G"]
[Result "0-1"]
[WhiteElo "2037"]
[BlackElo "2478"]

1.d4 Nf6 2.c4 c5 3.d5 e6 4.Nc3 exd5 5.cxd5 d6 6.Nf3 g6 7.e4 a6 8.a4 Bg7 9.Bd3 O-O
10.O-O Bg4 11.h3 Bxf3 12.Qxf3 Nbd7 13.Qd1 Qc7 14.f4 Rfe8 15.Re1 c4 16.Bc2 b5
17.axb5 axb5 18.Rxa8 Rxa8 19.Be3 Qa5 20.Bd4 b4 21.Ne2 Re8 22.Ng3 b3 23.Bb1 Nxd5
24.Bxg7 Kxg7 25.Qd4+ N7f6 26.Rd1 Nxf4 27.Rf1 Qe5 28.Qxc4 N6h5 29.Kh2  0-1

[Event "7th South Wales Int"]
[Site "Treforest WLS"]
[Date "2010.07.11"]
[Round "3"]
[White "Owens,M"]
[Black "Brown,Th"]
[Result "0-1"]
[WhiteElo "1792"]
[BlackElo "2064"]

1.Nf3 Nf6 2.c4 e6 3.d4 c5 4.d5 d6 5.Nc3 exd5 6.cxd5 g6 7.e4 Bg7 8.Bd3 O-O
9.h3 b5 10.O-O a6 11.a4 b4 12.Ne2 a5 13.Nd2 Ba6 14.Bxa6 Rxa6 15.Ng3 Re8 16.Re1 h5
17.Nf3 Nfd7 18.Rb1 Ne5 19.b3 Nxf3+ 20.Qxf3 Nd7 21.Bb2 Bxb2 22.Rxb2 Qf6 23.Qxf6 Nxf6
24.Rbe2 Ra7 25.f3 Rc7 26.Rc1 h4 27.Nf1 Nxd5 28.Rd2 Nc3 29.Kf2 c4 30.bxc4 Rxc4
31.Rdc2 Rc5 32.Ne3 Rec8 33.Ke1 Nxa4 34.Rxc5 Rxc5 35.Rxc5 dxc5 36.Nc4 Kg7
37.Kd2 Kf6 38.Kc2 Kg5 39.Nxa5 Kf4 40.Nc4 Kg3 41.Ne5 Kxg2 42.Nxf7 Kxh3 43.Ng5+ Kg2
44.e5 Nb6 45.e6 Nc8 46.f4 h3  0-1

[Event "1st Open"]
[Site "Vaujany FRA"]
[Date "2010.07.11"]
[Round "2"]
[White "Dickhoff,R"]
[Black "Brunner,N"]
[Result "0-1"]
[WhiteElo "2131"]
[BlackElo "2451"]

1.d4 Nf6 2.c4 e6 3.Nf3 c5 4.d5 d6 5.Nc3 exd5 6.cxd5 g6 7.Bf4 a6 8.a4 Bg7
9.e4 O-O 10.Be2 Bg4 11.Nd2 Bxe2 12.Qxe2 Nh5 13.Be3 Nd7 14.O-O Re8 15.g4 Nhf6
16.Kh1 h5 17.f3 hxg4 18.fxg4 Nh7 19.Qf2 Ne5 20.Qg3 Qd7 21.Bf4 g5 22.Bxe5 Bxe5
23.Qf3 b5 24.h3 c4 25.Nd1 Rac8 26.axb5 axb5 27.Rc1 Bf4 28.Rc2 Qa7 29.Nc3 b4
30.Nb5 Qb6 31.Nxd6 Qxd6 32.Nxc4 Qg6 33.Re1 Nf6 34.Ne3 Qxe4 35.Qxe4 Nxe4 36.Rxc8 Rxc8
37.Nf5 Ng3+ 38.Kg2 Nxf5 39.gxf5 Kg7  0-1

[Event "29th Jacques Lemans Open"]
[Site "St Veit SUI"]
[Date "2010.07.12"]
[Round "3"]
[White "Genser,H"]
[Black "Winiwarter,F"]
[Result "1-0"]
[WhiteElo "2262"]
[BlackElo "2154"]

1.d4 Nf6 2.c4 c5 3.d5 e6 4.Nc3 exd5 5.cxd5 d6 6.Nf3 g6 7.Nd2 Bg7 8.e4 O-O
9.Be2 Na6 10.O-O Nc7 11.a4 b6 12.Nc4 Ba6 13.Rb1 Re8 14.f3 Nh5 15.g4 Bd4+
16.Kg2 Ng7 17.Bf4 Bxc4 18.Bxc4 f5 19.exf5 gxf5 20.Qd2 a6 21.Rbe1 Qd7 22.h3 b5
23.axb5 axb5 24.Bb3 b4 25.Ne2 Be5 26.Bc4 Nb5 27.Qd3 Ra5 28.Bc1 Nd4 29.Ng3 f4
30.Ne4 Rf8 31.Bd2 Kh8 32.Ra1 Rfa8 33.Rxa5 Rxa5 34.Be1 Qd8 35.Bf2 Ra7 36.Qd2 b3
37.Nc3 Qg8 38.Bxd4 cxd4 39.Nb5 Rb7 40.Nxd4 Qc8 41.Nc6 Qe8 42.Re1 Nf5 43.Qxf4 Nh4+
44.Kh1 Ng6 45.Qf6+ Bxf6 46.Rxe8+ Kg7 47.Re3 Bxb2 48.Rxb3 Rxb3 49.Bxb3 Kf6
50.Kh2 Bc3 51.Bc2 Ne5 52.f4  1-0

[Event "Int ch-SVK OpenA"]
[Site "Banska Stiavnica SVK"]
[Date "2010.07.14"]
[Round "5"]
[White "Gleizerov,E"]
[Black "Butkiewicz,L"]
[Result "1-0"]
[WhiteElo "2573"]
[BlackElo "2375"]

1.d4 Nf6 2.c4 c5 3.d5 e6 4.Nc3 exd5 5.cxd5 d6 6.Nf3 g6 7.g3 Bg7 8.Bg2 O-O
9.O-O a6 10.a4 Nbd7 11.Bf4 Qe7 12.h3 Nh5 13.Bg5 f6 14.Bd2 f5 15.Rb1 Ne5 16.Qc1 Bd7
17.b4 Rfc8 18.b5 axb5 19.axb5 Nc4 20.Bh6 Bxh6 21.Qxh6 Qg7 22.Qc1 Ra3 23.Nd1 Ra4
24.Ng5 Rb4 25.Re1 Rxb1 26.Qxb1 Na3 27.Qc1 Nxb5 28.Ne3 f4 29.Nc4 fxg3 30.fxg3 Nxg3
31.Kh2 Nh5 32.e4 Rf8 33.e5 dxe5 34.Nxe5 Nf4 35.Qxc5 Rc8 36.Qb6 Nxg2 37.Kxg2 Rf8
38.Ne6 Bxe6 39.Qxe6+ Kh8 40.d6 Nd4 41.Qd5 Nc6 42.d7 Nd8 43.Nf3 Qb2+ 44.Kg3 Qf6
45.Qe5 Qxe5+ 46.Rxe5 Kg7 47.Re8 h6 48.Ne5 g5 49.Ng6 Rg8 50.Kg4 b5 51.Ne7 Rh8
52.Nf5+ Kh7 53.Kh5 Nc6 54.Nd4 Nd8 55.Re7+  1-0

[Event "Int ch-SVK OpenA"]
[Site "Banska Stiavnica SVK"]
[Date "2010.07.16"]
[Round "7"]
[White "Gorbatenko,K"]
[Black "Butkiewicz,L"]
[Result "1/2-1/2"]
[WhiteElo "2064"]
[BlackElo "2375"]

1.d4 Nf6 2.c4 c5 3.d5 e6 4.Nc3 exd5 5.cxd5 d6 6.Nf3 g6 7.h3 Bg7 8.e4 O-O
9.Bd3 Re8 10.O-O a6 11.a4 Nbd7 12.Re1 Qe7 13.Bf4 Qf8 14.Bh2 Nh5 15.Bc2 Ne5
16.Nxe5 Bxe5 17.Bxe5 Rxe5 18.Qd2 g5 19.Qe2 Qh6 20.Qf3 Nf4 21.a5 Bd7 22.Re3 Rf8
23.Rae1 Kh8 24.g4 Qf6 25.Ne2 h5 26.Kf1 hxg4 27.hxg4 Kg7 28.Nxf4 gxf4 29.Rc3 Rg5
30.e5 dxe5 31.Qe4 Rh8 32.Ke2 Rh2 33.Kd1 Bxg4+ 34.Kc1 Bf5 35.Qxe5 Bxc2 36.Qxf6+ Kxf6
37.Rxc2 Rxd5 38.Kb1 Rh3 39.Rc4 Rf3 40.Re2 Kf5 41.Rec2 Ke6 42.Re4+ Kd6 43.Re8 Rb3
44.Rd8+ Kc6 45.Rf8 Rf5 46.Rc8+ Kb5 47.Ka2 Rb4 48.Rc7 Kxa5 49.R7xc5+ Rb5 50.R5c4 Kb6
51.Re4 f6 52.Rcc4 f3 53.Re3 Rbe5 54.Rb3+ Ka7 55.Rcc3 Re2 56.Rc7 Ra5+ 57.Kb1 Rb5
58.Rxb5 axb5 59.Rf7 Rxf2 60.Rxf6 Kb8 61.Ka2 Kc7 62.Kb3 Kd7 63.Kc3 Ke7 64.Rf4 Ke6
65.Kd4 Rd2+ 66.Kc3 Rf2 67.b4 Ke5 68.Rf7 Ke4 69.Re7+ Kf4 70.Rf7+ Kg3 71.Rg7+ Kh2
72.Rxb7 Ra2 73.Rxb5 f2 74.Rf5 Kg3 75.Kc4 Ra3 76.Rxf2 Kxf2 77.b5 Ra1 78.b6 Ke3
79.Kd5 Rb1 80.Kc6 Kd4 81.b7 Ke5 82.Kc7  1/2-1/2

[Event "Corporation Centre Cup"]
[Site "Izhevsk RUS"]
[Date "2010.07.18"]
[Round "4"]
[White "Deriabina,S"]
[Black "Severiukhina,Z"]
[Result "1/2-1/2"]
[WhiteElo "2114"]
[BlackElo "2341"]

1.d4 Nf6 2.c4 c5 3.d5 e6 4.Nc3 exd5 5.cxd5 d6 6.Nf3 g6 7.Bf4 a6 8.a4 Bg7
9.h3 O-O 10.e3 Nh5 11.Bh2 f5 12.Be2 f4 13.O-O Nd7 14.Nd2 fxe3 15.fxe3 Qg5
16.Rxf8+ Nxf8 17.Bxh5 Qxe3+ 18.Kh1 gxh5 19.Nc4 Qd4 20.Nb6 Qb4 21.Nxa8 Qxb2
22.Rc1 Bxc3  1/2-1/2

[Event "XIV Battle Of Senta"]
[Site "Senta SRB"]
[Date "2010.07.18"]
[Round "3"]
[White "Balla,Ta"]
[Black "Dudukovic,N"]
[Result "1-0"]
[WhiteElo "2373"]
[BlackElo "2244"]

1.d4 Nf6 2.c4 c5 3.d5 e6 4.Nc3 exd5 5.cxd5 d6 6.Nf3 g6 7.Nd2 a6 8.a4 Nbd7
9.e4 Bg7 10.Be2 O-O 11.O-O Re8 12.f4 Rb8 13.Qc2 Qc7 14.h3 Nh5 15.Kh2 f5 16.exf5 Bxc3
17.Bxh5 Bxd2 18.fxg6 Bxc1 19.gxh7+ Kh8 20.Bxe8 Nf6 21.Raxc1 Nxe8 22.Qg6 Ng7
23.f5 Bxf5 24.Rxf5 Nxf5 25.Qxf5 Qg7 26.Qe6 Kxh7 27.Qxd6 Rg8 28.Rc2 Qg5 29.Re2 Rg7
30.Qxc5 Qf4+ 31.Kg1 b6 32.Qc2+ Kg8 33.Re8+ Kf7 34.Re4  1-0